00887nam a22002417a 450000500170000001000130001702000100003003500130004003700160005304000120006908200130008110000250009424500820011926000440020127000450024530000230029050000510031365000440036465000350040894200220044399900190046595201610048420170124110145.0 aA-140642 c25.00 aA-140642 bCen Lib/Ret aDPLbEN a658bLAX aLaxmi Narain 926380 aPrinciples and practice of public enterprise management /cby Laxmi Narain  aNew Delhi c1982bS. Chand and Company  bNew Delhi a4/16, Asaf ali roade110002 aix,515p.c20cm(Hb) aIncludes bibliographical references and index  aPublic enterprise managementx 9101670 aOrganizational behavior912147 2ddccENh658mLAX c131954d131954 04104070aLbLd2015-07-16eCen Lib/Retg25.00l0o658 LAXpA-140642r2015-07-16 00:00:00t1v25.00w2015-07-16yENzW/d List No. 6867/8 ; dtd 11/08/2020